[Event "Sparkassen-Open A"]
[Site "Heusenstamm, Martinsee"]
[Date "2022.11.17"]
[Round "1.1"]
[White "Safarli, Eltaj"]
[Black "Wachsmann, Dietmar"]
[Result "1-0"]
[WhiteElo "2616"]
[BlackElo "1981"]
[PlyCount "71"]
[EventDate "2022.??.??"]
[WhiteTeam "vereinslos"]
[BlackTeam "SC Groß-Umstadt"]

1. e4 c5 2. Nf3 e6 3. Nc3 Nc6 4. d4 cxd4 5. Nxd4 Nf6 6. g3 d6 7. Bg2 Be7 8.
Nxc6 bxc6 9. e5 Nd5 10. exd6 Qxd6 11. Ne4 Qc7 12. c4 Nf6 13. Nc3 O-O 14. O-O e5
15. Re1 Re8 16. h3 Bd7 17. Be3 Rad8 18. Qc2 Bb4 19. a3 Bxc3 20. Qxc3 Bf5 21.
Rad1 Be4 22. f3 Bf5 23. g4 Be6 24. Bc5 Rxd1 25. Rxd1 Nd7 26. Bd6 Qb6+ 27. c5
Qb3 28. Qxb3 Bxb3 29. Re1 g5 30. f4 gxf4 31. Bxc6 Rd8 32. Be7 Re8 33. Bxd7 Rxe7
34. c6 Be6 35. Rxe5 Kf8 36. Rxe6 1-0

[Event "Sparkassen-Open A"]
[Site "Heusenstamm, Martinsee"]
[Date "2022.11.17"]
[Round "1.2"]
[White "Burkhardt, Holger"]
[Black "Kramer, Julian"]
[Result "0-1"]
[WhiteElo "1979"]
[BlackElo "2461"]
[PlyCount "74"]
[EventDate "2022.??.??"]
[WhiteTeam "SK 1858 Gießen"]
[BlackTeam "Hamburger SK von 1830"]

1. e4 c5 2. d4 cxd4 3. Qxd4 Nc6 4. Qe3 g6 5. Nc3 Bg7 6. Bd2 d6 7. O-O-O Nf6 8.
f3 h5 9. Nge2 Bd7 10. Nf4 Rc8 11. Kb1 a6 12. Nfd5 e6 13. Nf4 Qc7 14. Rc1 b5 15.
Nd1 Ne5 16. Qa3 Nc6 17. Qe3 O-O 18. h4 d5 19. g4 dxe4 20. g5 Nd5 21. Qxe4 Nxf4
22. Bxf4 e5 23. Bg3 Bf5 24. Qe1 Nd4 25. Ne3 Nxf3 26. Qf2 Be4 27. Bg2 Qb7 28.
Rhf1 Nd4 29. Bh3 Rc7 30. Ka1 b4 31. Qh2 Rc5 32. b3 Rc3 33. Bxe5 Bxe5 34. Qxe5
Rxe3 35. Qxd4 Rxh3 36. Rf4 Bf5 37. Rxf5 gxf5 0-1

[Event "Sparkassen-Open A"]
[Site "Heusenstamm, Martinsee"]
[Date "2022.11.17"]
[Round "1.3"]
[White "Korneev, Oleg"]
[Black "Nerz, Lenard"]
[Result "1-0"]
[WhiteElo "2470"]
[BlackElo "1989"]
[PlyCount "75"]
[EventDate "2022.??.??"]
[WhiteTeam "vereinslos"]
[BlackTeam "Spvgg Böblingen"]

1. e4 e5 2. Nf3 Nc6 3. Bc4 Nf6 4. d3 Bc5 5. O-O d6 6. c3 a6 7. Bb3 Ba7 8. Nbd2
O-O 9. h3 h6 10. Re1 Re8 11. Nf1 Be6 12. N3h2 Bxb3 13. axb3 Ne7 14. Ng3 d5 15.
Qf3 Qd6 16. Ng4 Nxg4 17. hxg4 Rad8 18. Nf5 Nxf5 19. gxf5 d4 20. c4 Bc5 21. g3
Kf8 22. Kg2 Qb6 23. Rh1 Rd6 24. Qd1 Rc6 25. Bd2 Bb4 26. Ra4 Bxd2 27. Qxd2 Qxb3
28. Rb4 Qa2 29. Rxb7 a5 30. Qd1 Rb6 31. Rxb6 cxb6 32. f6 gxf6 33. Rxh6 Re6 34.
Qg4 Qb1 35. Rh8+ Ke7 36. Qg8 Kd6 37. Qd8+ Kc5 38. Qd5+ 1-0

[Event "Sparkassen-Open A"]
[Site "Heusenstamm, Martinsee"]
[Date "2022.11.17"]
[Round "1.4"]
[White "Akhmatovski, Maxim"]
[Black "Milov, Leonid"]
[Result "0-1"]
[WhiteElo "1934"]
[BlackElo "2433"]
[PlyCount "48"]
[EventDate "2022.??.??"]
[WhiteTeam "SV Oberursel"]
[BlackTeam "SC Noris-Tarrasch Nürnberg"]

1. d4 f5 2. Nc3 Nf6 3. Bf4 e6 4. g4 fxg4 5. e4 Bb4 6. Bd3 O-O 7. Qe2 Nc6 8. Qe3
Qe7 9. O-O-O Bxc3 10. bxc3 Qa3+ 11. Kd2 d6 12. Bg5 e5 13. Bc4+ Kh8 14. Bxf6
Rxf6 15. h3 exd4 16. cxd4 Qb4+ 17. Kd3 Na5 18. Bb3 Nxb3 19. axb3 Bd7 20. Ke2
Raf8 21. Rf1 d5 22. e5 Rf4 23. e6 Bb5+ 24. Kd1 Re4 0-1

[Event "Sparkassen-Open A"]
[Site "Heusenstamm, Martinsee"]
[Date "2022.11.17"]
[Round "1.6"]
[White "Schultze, Jörg-Martin"]
[Black "Dgebuadze, Alexandre"]
[Result "0-1"]
[WhiteElo "1974"]
[BlackElo "2420"]
[PlyCount "100"]
[EventDate "2022.??.??"]
[WhiteTeam "SF Braunfels"]
[BlackTeam "SC Remagen-Sinzig"]

1. d4 e6 2. e4 d5 3. exd5 exd5 4. Bd3 c5 5. dxc5 Bxc5 6. Nf3 Nf6 7. O-O O-O 8.
Nbd2 Bg4 9. h3 Bh5 10. Nb3 Bb6 11. Bg5 h6 12. Bh4 g5 13. Bg3 Nc6 14. Re1 Ne4
15. Bxe4 dxe4 16. Rxe4 Qxd1+ 17. Rxd1 Bxf3 18. gxf3 f5 19. Re6 f4 20. Bh2 Rad8
21. Rde1 Kg7 22. h4 Rf6 23. R6e2 Rfd6 24. Kg2 Rd1 25. Rxd1 Rxd1 26. c3 Rb1 27.
Kh3 Kf7 28. hxg5 hxg5 29. Kg4 Rh1 30. Bxf4 gxf4 31. Kxf4 Rh2 32. Kg3 Rh6 33.
Nd2 Rg6+ 34. Kf4 Rf6+ 35. Kg4 Bc7 36. Re4 Ne5+ 37. Kh3 Nxf3 38. Nxf3 Rxf3+ 39.
Kg2 Rd3 40. a4 Rd2 41. Rb4 b6 42. a5 Ke6 43. axb6 Bxb6 44. Kf3 Kd5 45. Kg3
Bxf2+ 46. Kf4 Bc5 47. Rb8 Rf2+ 48. Kg4 Bb6 49. b4 Kc4 50. Rc8+ Kb3 0-1

[Event "Sparkassen-Open A"]
[Site "Heusenstamm, Martinsee"]
[Date "2022.11.17"]
[Round "1.7"]
[White "Hagner, Bennet"]
[Black "Böhmer, Thomas"]
[Result "0-1"]
[WhiteElo "2336"]
[BlackElo "1969"]
[PlyCount "70"]
[EventDate "2022.??.??"]
[WhiteTeam "Frankfurter TV 1860"]
[BlackTeam "Sfr Stiller Zug Wiesbaden"]

1. e4 c6 2. d4 d5 3. e5 Bf5 4. Nf3 e6 5. Be2 Nd7 6. O-O Ne7 7. Nh4 h6 8. Nxf5
Nxf5 9. c3 Qb6 10. Bd3 g6 11. a4 a5 12. Nd2 c5 13. dxc5 Bxc5 14. Nf3 Qc7 15.
Re1 Ne7 16. h4 Nc6 17. Bf4 O-O-O 18. Qd2 Rdg8 19. Bb5 Be7 20. Bxc6 bxc6 21.
Bxh6 Nc5 22. Ra2 Ne4 23. Qc1 Bxh4 24. Rxe4 Bxf2+ 25. Kxf2 dxe4 26. Nd4 Qxe5 27.
Bf4 Qf6 28. Kg1 Rh5 29. Qf1 e5 30. Qa6+ Kc7 31. Nb5+ Kd7 32. Be3 Rh1+ 33. Kxh1
Qh4+ 34. Kg1 Qe1+ 35. Kh2 Rh8+ 0-1

[Event "Sparkassen-Open A"]
[Site "Heusenstamm, Martinsee"]
[Date "2022.11.17"]
[Round "1.8"]
[White "Bäumer, Frank"]
[Black "Farmani Anosheh, Armin"]
[Result "0-1"]
[WhiteElo "1914"]
[BlackElo "2330"]
[PlyCount "52"]
[EventDate "2022.??.??"]
[WhiteTeam "Gambit Gusenburg"]
[BlackTeam "vereinslos"]

1. e4 c5 2. Nf3 Nc6 3. d4 cxd4 4. Nxd4 Nf6 5. Nc3 d6 6. Bg5 e6 7. Be2 a6 8. Qd2
Bd7 9. f3 Be7 10. Nxc6 Bxc6 11. Be3 b5 12. O-O O-O 13. Bd3 Qc7 14. a3 Qb7 15.
Rae1 a5 16. Ne2 e5 17. Ng3 Bd7 18. Kh1 Rfe8 19. f4 exf4 20. Bxf4 Bf8 21. e5
dxe5 22. Bxe5 Ng4 23. Be4 Bc6 24. Bxc6 Qxc6 25. Bf4 Rad8 26. Qc1 Bc5 0-1

[Event "Sparkassen-Open A"]
[Site "Heusenstamm, Martinsee"]
[Date "2022.11.17"]
[Round "1.9"]
[White "Hahn, Markus"]
[Black "Berberich, Christoph"]
[Result "1-0"]
[WhiteElo "2303"]
[BlackElo "1952"]
[PlyCount "77"]
[EventDate "2022.??.??"]
[WhiteTeam "SVG CAISSA Kassel"]
[BlackTeam "FSF 1887 Zähringen"]

1. d4 Nf6 2. c4 c5 3. d5 b5 4. Nf3 g6 5. Nfd2 bxc4 6. Nc3 Bg7 7. e4 d6 8. Nxc4
O-O 9. Be2 Nbd7 10. a4 Rb8 11. Qc2 Ba6 12. Rb1 Bxc4 13. Bxc4 Rb4 14. Na2 Rb8
15. O-O Ne5 16. Be2 Qb6 17. b4 cxb4 18. Rxb4 Qc5 19. Qxc5 dxc5 20. Rxb8 Rxb8
21. f3 Ned7 22. Bb5 Nb6 23. Bf4 Rd8 24. Rb1 Nfd7 25. a5 Bd4+ 26. Kf1 e5 27.
dxe6 fxe6 28. axb6 axb6 29. Bc7 Ra8 30. Bxd7 Kf7 31. Nc1 Ra7 32. Bxb6 Rxd7 33.
Nb3 Rb7 34. Nxd4 cxd4 35. Rb2 Rd7 36. e5 g5 37. Ke2 d3+ 38. Ke3 Rd5 39. Bd4 1-0

[Event "Sparkassen-Open A"]
[Site "Heusenstamm, Martinsee"]
[Date "2022.11.17"]
[Round "1.10"]
[White "Thomas, Tobias"]
[Black "Eilers, Stefan"]
[Result "0-1"]
[WhiteElo "1939"]
[BlackElo "2292"]
[PlyCount "76"]
[EventDate "2022.??.??"]
[WhiteTeam "SK Langen"]
[BlackTeam "SG Dietzenbach"]

1. e4 d6 2. d4 Nf6 3. Nc3 e5 4. Nf3 Nbd7 5. Bc4 Be7 6. O-O O-O 7. Re1 c6 8. a4
b6 9. Ba2 a6 10. h3 Bb7 11. Nh4 b5 12. Nf5 b4 13. Nb1 exd4 14. Qxd4 d5 15. exd5
Bc5 16. Qd3 Re8 17. Be3 Nxd5 18. Nd2 Ne5 19. Qe2 Ng6 20. Rad1 Qf6 21. Qf1 Qxf5
22. Bxc5 Qxc2 23. Bd4 c5 24. Bb1 Qxa4 25. Bxc5 Ndf4 26. Be4 Bxe4 27. Nxe4 Qc6
28. Qc4 Ne5 29. Qxb4 Ned3 30. Qd4 Nxe1 31. Rxe1 Rad8 32. Qc4 Nd3 33. Re3 Nxc5
34. Qxc5 Qxc5 35. Nxc5 Rxe3 36. fxe3 Rd6 37. b4 Rc6 38. Nb7 Rc4 0-1

[Event "Sparkassen-Open A"]
[Site "Heusenstamm, Martinsee"]
[Date "2022.11.17"]
[Round "1.11"]
[White "Neukirchner, Pascal"]
[Black "Voss, Georg"]
[Result "1-0"]
[WhiteElo "2288"]
[BlackElo "1947"]
[PlyCount "51"]
[EventDate "2022.??.??"]
[WhiteTeam "SK Gründau"]
[BlackTeam "SV Meschede"]

1. d4 d5 2. c4 c6 3. Nf3 Nf6 4. g3 Bg4 5. Ne5 Be6 6. cxd5 Qxd5 7. Nf3 Ne4 8.
Bg2 Qa5+ 9. Nbd2 Bd5 10. O-O Nd7 11. Qc2 Ndf6 12. Ne5 Nxd2 13. Bxd2 Qb6 14. e4
Be6 15. Be3 Ng4 16. Nxg4 Bxg4 17. d5 Qa6 18. Rfc1 Bd7 19. Bf1 Qa5 20. b4 Qa3
21. dxc6 bxc6 22. Rd1 e5 23. Rxd7 Kxd7 24. Rd1+ Kc7 25. Bb5 c5 26. Bxc5 1-0

[Event "Sparkassen-Open A"]
[Site "Heusenstamm, Martinsee"]
[Date "2022.11.17"]
[Round "1.12"]
[White "Krychevskiy, Dmytro"]
[Black "Solonar, Stefan"]
[Result "0-1"]
[WhiteElo "1912"]
[BlackElo "2282"]
[PlyCount "66"]
[EventDate "2022.??.??"]
[WhiteTeam "SV Oberursel"]
[BlackTeam "SC Heusenstamm"]

1. e4 c5 2. Nf3 Nc6 3. d4 cxd4 4. Nxd4 e5 5. Nb5 d6 6. c4 Be7 7. N1c3 a6 8. Na3
Be6 9. Be3 Bg5 10. Bxg5 Qxg5 11. Qd2 Qe7 12. Nc2 Nf6 13. Be2 O-O 14. O-O Rac8
15. f3 Na5 16. b3 Qc7 17. Ne3 b5 18. Ncd5 Nxd5 19. cxd5 Bd7 20. Rac1 Qb6 21.
Kh1 b4 22. Nc4 Nxc4 23. Rxc4 Rxc4 24. Bxc4 f5 25. f4 fxe4 26. fxe5 Rxf1+ 27.
Bxf1 e3 28. Qb2 Bb5 29. Qc2 Qc5 30. Bc4 Bxc4 31. bxc4 Qd4 32. h3 Qa1+ 33. Kh2
Qxe5+ 0-1

[Event "Sparkassen-Open A"]
[Site "Heusenstamm, Martinsee"]
[Date "2022.11.17"]
[Round "1.13"]
[White "Laux, Dominik"]
[Black "Makilla, Tobias"]
[Result "1-0"]
[WhiteElo "2280"]
[BlackElo "1939"]
[PlyCount "93"]
[EventDate "2022.??.??"]
[WhiteTeam "SV 1920 Hofheim"]
[BlackTeam "SC 1979 Hattersheim"]

1. e4 g6 2. d4 Bg7 3. Nc3 d6 4. f4 a6 5. Nf3 b5 6. Bd3 Bb7 7. e5 c5 8. dxc5
dxe5 9. fxe5 Nd7 10. Qe2 Qc7 11. Bf4 Nxc5 12. O-O Nh6 13. Ne4 O-O 14. Nxc5
Qxc5+ 15. Kh1 e6 16. Rad1 Ng4 17. Rde1 h5 18. Ng5 Qb4 19. h3 Nh6 20. c3 Qe7 21.
Ne4 Nf5 22. Qf2 Qh4 23. Qxh4 Nxh4 24. Kh2 Rad8 25. Bb1 Nf5 26. g4 hxg4 27. hxg4
Bxe4 28. Bxe4 Ne7 29. Rd1 Nd5 30. Bxd5 Rxd5 31. Rxd5 exd5 32. Rd1 Rd8 33. Kg2
Rd7 34. b3 Bf8 35. c4 bxc4 36. bxc4 d4 37. Kf3 Bc5 38. Ke4 Kf8 39. Bg5 Ke8 40.
Rh1 Rb7 41. Kd5 Be7 42. Kc6 Rb8 43. Rh8+ Bf8 44. Kc7 Rb2 45. Bh6 Rh2 46. Rxf8+
Ke7 47. Rh8 1-0

[Event "Sparkassen-Open A"]
[Site "Heusenstamm, Martinsee"]
[Date "2022.11.17"]
[Round "1.14"]
[White "Ploder, Udo"]
[Black "Gallasch, Jonas"]
[Result "0-1"]
[WhiteElo "1879"]
[BlackElo "2275"]
[PlyCount "78"]
[EventDate "2022.??.??"]
[WhiteTeam "SF Braunfels"]
[BlackTeam "SG Porz"]

1. e4 c6 2. d4 d5 3. e5 Bf5 4. h4 h5 5. Bg5 Qb6 6. Bd3 Qxd4 7. Nf3 Qg4 8. Bxf5
Qxf5 9. O-O e6 10. c4 Nd7 11. cxd5 cxd5 12. Nc3 a6 13. Qa4 Bc5 14. Rad1 Ne7 15.
Nb5 Rc8 16. Nd6+ Bxd6 17. exd6 Nc6 18. Qa3 O-O 19. Rfe1 Qg4 20. Qe3 Qb4 21. Be7
Nxe7 22. dxe7 Rfe8 23. Ng5 Nf6 24. Nxf7 Kxf7 25. Qxe6+ Kg6 26. Rxd5 Qxh4 27.
Qf5+ Kh6 28. Rde5 Qg4 29. Qd3 Qg6 30. Qe3+ Kh7 31. Rg5 Qf7 32. Qh3 Rc7 33. Qf5+
Kh8 34. Re6 Rc1+ 35. Kh2 Ng4+ 36. Kg3 Qxf5 37. Rxf5 Nf6 38. Rfe5 Rc7 39. Kh4
Kg8 0-1

[Event "Sparkassen-Open A"]
[Site "Heusenstamm, Martinsee"]
[Date "2022.11.17"]
[Round "1.15"]
[White "Klundt, Klaus"]
[Black "Rönsch, Andreas"]
[Result "0-1"]
[WhiteElo "2273"]
[BlackElo "1935"]
[PlyCount "50"]
[EventDate "2022.??.??"]
[WhiteTeam "SC Heusenstamm"]
[BlackTeam "SU Mühlheim"]

1. e4 e5 2. Nf3 Nc6 3. Bb5 f5 4. d3 fxe4 5. dxe4 Nf6 6. O-O Bc5 7. Bg5 d6 8.
Nc3 a6 9. Bc4 Bg4 10. Nd5 Nd4 11. c3 Nxf3+ 12. gxf3 Bh5 13. Qd3 c6 14. Nxf6+
gxf6 15. Be3 Bxe3 16. fxe3 Qd7 17. Rad1 O-O-O 18. Rd2 Qh3 19. Qe2 d5 20. exd5
Rhg8+ 21. Kh1 e4 22. d6 Bxf3+ 23. Rxf3 exf3 24. Qd3 Rg2 25. d7+ Rxd7 0-1

[Event "Sparkassen-Open A"]
[Site "Heusenstamm, Martinsee"]
[Date "2022.11.17"]
[Round "1.16"]
[White "Fanin, Erik"]
[Black "Jakel, Wolfgang"]
[Result "0-1"]
[WhiteElo "1850"]
[BlackElo "2267"]
[PlyCount "68"]
[EventDate "2022.??.??"]
[WhiteTeam "SK König Tegel 1949"]
[BlackTeam "VSG 1880 Offenbach"]

1. e4 c5 2. Nc3 Nc6 3. d3 g6 4. g3 Bg7 5. Bg2 d6 6. Nge2 e6 7. O-O Nge7 8. Be3
Nd4 9. f4 O-O 10. Qd2 Rb8 11. g4 f5 12. g5 b5 13. Ng3 b4 14. Nd1 Ba6 15. a3 b3
16. c3 Nc2 17. Rc1 fxe4 18. Bxe4 d5 19. Bg2 d4 20. Bf2 dxc3 21. Nxc3 Qxd3 22.
Qxd3 Bxd3 23. Rfd1 c4 24. Bc5 Kf7 25. Nge4 Nf5 26. Nd6+ Nxd6 27. Bxd6 Bd4+ 28.
Kh1 Bxc3 29. bxc3 Ne3 30. Bxb8 Nxd1 31. Bd6 Bc2 32. Bxf8 b2 33. Rxd1 Bxd1 34.
Be4 Bf3+ 0-1

[Event "Sparkassen-Open A"]
[Site "Heusenstamm, Martinsee"]
[Date "2022.11.17"]
[Round "1.17"]
[White "Kersten, Uwe"]
[Black "Ersöz, Can"]
[Result "1-0"]
[WhiteElo "2256"]
[BlackElo "1927"]
[PlyCount "127"]
[EventDate "2022.??.??"]
[WhiteTeam "Sfr.Bad Emstal/Wolfhagen"]
[BlackTeam "SV Würzburg von 1865"]

1. d4 Nf6 2. Bg5 e6 3. Nd2 h6 4. Bh4 c5 5. e3 cxd4 6. exd4 Nc6 7. c3 d5 8. Bd3
e5 9. dxe5 Nxe5 10. Qe2 Qe7 11. Bb5+ Nc6 12. Bxf6 gxf6 13. Qxe7+ Bxe7 14. Ne2
Rg8 15. O-O Bd6 16. Rfe1 Kf8 17. Nf1 Ne5 18. Nd4 a6 19. Be2 Be6 20. Ne3 Bc7 21.
Rad1 Rd8 22. g3 Nc6 23. Nec2 Nxd4 24. Nxd4 Kg7 25. Bf3 Rge8 26. Nc2 Rd7 27. Rd2
Red8 28. Red1 Kf8 29. Ne3 d4 30. Rxd4 Rxd4 31. Rxd4 Rxd4 32. cxd4 b5 33. d5 Bc8
34. Kf1 Ke7 35. Ke2 f5 36. Nc2 Be5 37. b3 f4 38. Nb4 fxg3 39. hxg3 Kd6 40. Ke3
Bc3 41. Nc6 a5 42. Be2 Kc5 43. Bxb5 Bb7 44. Bc4 Bxc6 45. dxc6 Kxc6 46. Bxf7 Kc5
47. f3 Kb4 48. a4 Kc5 49. Ke4 Kd6 50. Kf5 Be1 51. g4 Ke7 52. Bd5 Kf8 53. Kg6
Bd2 54. b4 axb4 55. a5 b3 56. a6 b2 57. Ba2 Be3 58. f4 Ke7 59. Kg7 Kd7 60. f5
Kc7 61. f6 Bd4 62. Kf7 Kb6 63. Ke7 Kxa6 64. f7 1-0

[Event "Sparkassen-Open A"]
[Site "Heusenstamm, Martinsee"]
[Date "2022.11.17"]
[Round "1.18"]
[White "Zimmer, Gerald"]
[Black "Podat, Vladimir"]
[Result "1/2-1/2"]
[WhiteElo "1922"]
[BlackElo "2255"]
[PlyCount "42"]
[EventDate "2022.??.??"]
[WhiteTeam "SC Bergen-Enkheim 1922"]
[BlackTeam "SC Untergrombach 46"]

1. d4 Nf6 2. Nf3 g6 3. Bf4 Bg7 4. h3 O-O 5. e3 d6 6. Nbd2 Nbd7 7. c3 b6 8. Bd3
Bb7 9. O-O e5 10. dxe5 dxe5 11. Bxe5 Nxe5 12. Nxe5 Nh5 13. Ndf3 Re8 14. Ng4
Bxf3 15. gxf3 Qh4 16. Kg2 Rad8 17. Qc2 f5 18. Nh2 Qg5+ 19. Kh1 Qh4 20. Kg2 Qg5+
21. Kh1 Qh4 1/2-1/2

[Event "Sparkassen-Open A"]
[Site "Heusenstamm, Martinsee"]
[Date "2022.11.17"]
[Round "1.19"]
[White "Alber, Horst"]
[Black "Oster, Klaus"]
[Result "1-0"]
[WhiteElo "2249"]
[BlackElo "1916"]
[PlyCount "59"]
[EventDate "2022.??.??"]
[WhiteTeam "SK Marburg 1931/72"]
[BlackTeam "SF Dettingen 1950"]

1. d4 d5 2. c4 e6 3. Nc3 Nf6 4. Bg5 dxc4 5. e3 c5 6. Bxc4 cxd4 7. exd4 Nc6 8.
Nf3 Be7 9. O-O a6 10. Re1 b5 11. Bb3 O-O 12. Bxf6 Bxf6 13. Ne4 Bb7 14. Nc5 Na5
15. Nxb7 Nxb7 16. Qe2 Na5 17. Bc2 g6 18. Rad1 Rc8 19. Be4 Qb6 20. h4 Nc6 21. d5
exd5 22. Bxd5 Nd4 23. Nxd4 Bxd4 24. h5 Qf6 25. Rd3 Rc5 26. Rf3 Qg5 27. Bxf7+
Kg7 28. Qe7 Qxe7 29. Rxe7 Re5 30. Be6+ 1-0

[Event "Sparkassen-Open A"]
[Site "Heusenstamm, Martinsee"]
[Date "2022.11.17"]
[Round "1.20"]
[White "Burkart, Lloyd Shang"]
[Black "Kleibel, Uwe"]
[Result "0-1"]
[WhiteElo "1768"]
[BlackElo "2238"]
[PlyCount "60"]
[EventDate "2022.??.??"]
[WhiteTeam "SV 1920 Hofheim"]
[BlackTeam "SC Bavaria Regensburg von 1881"]

1. d4 Nf6 2. c4 g6 3. Nf3 Bg7 4. Nc3 O-O 5. Bf4 d6 6. e3 b6 7. h3 Bb7 8. Be2
Nbd7 9. O-O Ne4 10. Nxe4 Bxe4 11. Nd2 Bb7 12. Bf3 Bxf3 13. Nxf3 e5 14. Bh2 Qe7
15. Rc1 e4 16. Nd2 f5 17. b4 a5 18. b5 g5 19. Re1 Rf6 20. Qc2 Rg6 21. f3 Re8
22. fxe4 fxe4 23. Rf1 g4 24. hxg4 Nf6 25. Bf4 Nxg4 26. Rfe1 Qh4 27. Nxe4 Rh6
28. Bxh6 Qh2+ 29. Kf1 Bxh6 30. g3 Rf8+ 0-1

[Event "Sparkassen-Open A"]
[Site "Heusenstamm, Martinsee"]
[Date "2022.11.17"]
[Round "1.21"]
[White "Heimrath, Reiner"]
[Black "Kürschner, Liam"]
[Result "1-0"]
[WhiteElo "2187"]
[BlackElo "1900"]
[PlyCount "87"]
[EventDate "2022.??.??"]
[WhiteTeam "SC Noris-Tarrasch Nürnberg"]
[BlackTeam "SK Langen"]

1. e4 c5 2. Nc3 g6 3. d3 Bg7 4. g3 Nc6 5. Bg2 a6 6. Nge2 e6 7. Be3 Nd4 8. Qd2
Nxe2 9. Qxe2 Qb6 10. Nd1 Ne7 11. c3 O-O 12. b4 d6 13. Rb1 Bd7 14. O-O Qc7 15.
f4 Rab8 16. bxc5 dxc5 17. Qf2 b6 18. d4 cxd4 19. cxd4 Bc6 20. Nc3 b5 21. Rfc1
Qb7 22. Na4 Qa8 23. Nc5 Rfd8 24. g4 a5 25. f5 exf5 26. gxf5 gxf5 27. d5 Be8 28.
Rd1 fxe4 29. d6 Nd5 30. Nxe4 Bc6 31. Bd4 f6 32. Rb3 Rf8 33. Rg3 Kh8 34. Rf1 Rb7
35. Nc5 Rbf7 36. Ne6 Rg8 37. Bxd5 Bxd5 38. Nxg7 Rgxg7 39. Bxf6 Kg8 40. Rxg7+
Rxg7+ 41. Bxg7 Kxg7 42. d7 Qd8 43. Qd4+ Kg6 44. Qxd5 1-0

[Event "Sparkassen-Open A"]
[Site "Heusenstamm, Martinsee"]
[Date "2022.11.17"]
[Round "1.22"]
[White "Trumpp, Lothar"]
[Black "Player, Edmund"]
[Result "0-1"]
[WhiteElo "1915"]
[BlackElo "2212"]
[PlyCount "52"]
[EventDate "2022.??.??"]
[WhiteTeam "VSG 1880 Offenbach"]
[BlackTeam "FC Bayern München"]

1. b3 d5 2. Bb2 c5 3. e3 Nc6 4. Bb5 Bd7 5. Nf3 e6 6. O-O Nge7 7. Re1 Ng6 8. d4
cxd4 9. Bxc6 bxc6 10. exd4 Bd6 11. c4 O-O 12. Ba3 Bxa3 13. Nxa3 Qa5 14. Qc1
Rac8 15. c5 f6 16. Nc2 Rce8 17. h4 e5 18. b4 Qc7 19. g3 e4 20. Nh2 f5 21. Kh1
f4 22. Rg1 e3 23. Qe1 Bf5 24. Rc1 exf2 25. Qxf2 fxg3 26. Qxg3 Be4+ 0-1

[Event "Sparkassen-Open A"]
[Site "Heusenstamm, Martinsee"]
[Date "2022.11.17"]
[Round "1.23"]
[White "Dolzhykova, Kateryna"]
[Black "Hering, Sven"]
[Result "1-0"]
[WhiteElo "2204"]
[BlackElo "1908"]
[PlyCount "53"]
[EventDate "2022.??.??"]
[WhiteTeam "SV Oberursel"]
[BlackTeam "VfB 07 Lettin"]

1. e4 c5 2. Nc3 Nc6 3. Nf3 d6 4. d4 cxd4 5. Nxd4 e5 6. Nde2 f5 7. exf5 Bxf5 8.
Ng3 Be6 9. Bd3 Nf6 10. O-O d5 11. Bg5 Qc7 12. Bxf6 gxf6 13. Nh5 O-O-O 14. Nxf6
Qg7 15. Nfxd5 Bc5 16. Qf3 Rhf8 17. Qe4 Nd4 18. Kh1 Rg8 19. Ne3 Rdf8 20. Qxh7
Qg5 21. Ne4 Qf4 22. Nxc5 Rh8 23. Qxb7+ Kd8 24. Nxe6+ Nxe6 25. Qb8+ Kd7 26. Bb5+
Ke7 27. Nd5+ 1-0

[Event "Sparkassen-Open A"]
[Site "Heusenstamm, Martinsee"]
[Date "2022.11.17"]
[Round "1.24"]
[White "Weil, Michael"]
[Black "Hebbering, Tom Elliot"]
[Result "0-1"]
[WhiteElo "1879"]
[BlackElo "2229"]
[PlyCount "52"]
[EventDate "2022.??.??"]
[WhiteTeam "SC Steinbach"]
[BlackTeam "SK 1980 Gernsheim"]

1. d4 d5 2. Nf3 Nf6 3. e3 Bf5 4. Bd3 Bxd3 5. Qxd3 c6 6. Nbd2 Nbd7 7. O-O e6 8.
e4 dxe4 9. Nxe4 Nxe4 10. Qxe4 Be7 11. Qg4 Nf6 12. Qxg7 Rg8 13. Qh6 Qd5 14. Qh3
O-O-O 15. Be3 Bd6 16. b3 Rg4 17. c4 Qf5 18. Kh1 Rdg8 19. Rg1 Kb8 20. Rae1 Ne4
21. Ne5 Nxf2+ 22. Bxf2 Bxe5 23. dxe5 Qxf2 24. Rd1 Qe2 25. Qf3 Qxe5 26. Qxf7
Qxh2+ 0-1

[Event "Sparkassen-Open A"]
[Site "Heusenstamm, Martinsee"]
[Date "2022.11.17"]
[Round "1.25"]
[White "Gahan, M G."]
[Black "Bahlo, Jens"]
[Result "1-0"]
[WhiteElo "2228"]
[BlackElo "1898"]
[PlyCount "93"]
[EventDate "2022.??.??"]
[WhiteTeam "vereinslos"]
[BlackTeam "SK 1858 Gießen"]

1. e4 c5 2. c3 d5 3. exd5 Nf6 4. Bb5+ Nbd7 5. d4 Qb6 6. Bc4 cxd4 7. Nf3 Qc7 8.
Qxd4 Nb6 9. Bb3 g6 10. Bf4 Qd8 11. d6 Bg7 12. dxe7 Qxe7+ 13. Qe5 Bg4 14. Qxe7+
Kxe7 15. Nbd2 Nfd5 16. Bg5+ f6 17. Bh4 Rhe8 18. O-O Nf4 19. Rfe1+ Kf8 20. h3
Be6 21. Bxe6 Rxe6 22. Rxe6 Nxe6 23. a4 Rc8 24. a5 Nc4 25. Nxc4 Rxc4 26. Bg3 a6
27. Ra3 Ke8 28. Rb3 Nd8 29. Nd2 Ra4 30. Bc7 h5 31. Nf3 Bh6 32. Nd4 Nc6 33. Nxc6
bxc6 34. Rb7 Bc1 35. Kf1 Re4 36. Bd6 Bd2 37. g3 Re1+ 38. Kg2 Ra1 39. Bc7 Rb1
40. Kf3 Bc1 41. b3 Bd2 42. c4 c5 43. Ke4 Bb4 44. Kd5 Rxb3 45. Ke6 Kf8 46. Bd6+
Kg8 47. Bxc5 1-0

[Event "Sparkassen-Open A"]
[Site "Heusenstamm, Martinsee"]
[Date "2022.11.17"]
[Round "1.26"]
[White "Kolker, Vladislav"]
[Black "Haack, Kevin"]
[Result "0-1"]
[WhiteElo "1898"]
[BlackElo "2219"]
[PlyCount "86"]
[EventDate "2022.??.??"]
[WhiteTeam "SC Bad Nauheim"]
[BlackTeam "SV 1920 Hofheim"]

1. e4 c6 2. Nf3 d5 3. exd5 cxd5 4. Ne5 Nf6 5. d4 g6 6. c3 Bg7 7. Bd3 O-O 8. O-O
Nc6 9. f4 Bf5 10. Bxf5 gxf5 11. Nd2 e6 12. Qe2 Ne7 13. Rf3 Nc8 14. b3 Re8 15.
Ba3 a5 16. Rh3 a4 17. Ndf3 h6 18. c4 Ne4 19. c5 Ne7 20. b4 Ng6 21. Bc1 b6 22.
g4 fxg4 23. Nxg4 bxc5 24. bxc5 Nxc5 25. Nxh6+ Bxh6 26. Rxh6 Ne4 27. Ne5 Qf6 28.
Qh5 Qf5 29. Qxf5 exf5 30. Nxg6 Kg7 31. Rh3 fxg6 32. Ba3 Rec8 33. Rb1 Rab8 34.
Rxb8 Rxb8 35. Rd3 Rb1+ 36. Kg2 Ra1 37. Bc5 Rxa2+ 38. Kg1 Kf6 39. Rd1 Nf2 40.
Rf1 Nh3+ 41. Kh1 g5 42. fxg5+ Kxg5 43. Bd6 f4 0-1

[Event "Sparkassen-Open A"]
[Site "Heusenstamm, Martinsee"]
[Date "2022.11.17"]
[Round "1.27"]
[White "Minor, Samuel"]
[Black "Root, Martin"]
[Result "1-0"]
[WhiteElo "2210"]
[BlackElo "1771"]
[PlyCount "53"]
[EventDate "2022.??.??"]
[WhiteTeam "Wiesbadener SV 1885"]
[BlackTeam "Spvgg Böblingen"]

1. e4 c5 2. Nf3 e6 3. d3 Nc6 4. g3 Qc7 5. Bg2 Nf6 6. O-O Be7 7. Re1 d6 8. c3
O-O 9. d4 cxd4 10. cxd4 e5 11. d5 Nb4 12. Nc3 a5 13. h3 Bd7 14. Be3 b5 15. Bf1
Qb7 16. Nd2 Rac8 17. a4 bxa4 18. Nc4 Na6 19. Nxa4 Bxa4 20. Qxa4 Nc5 21. Bxc5
Rxc5 22. Nxa5 Qxb2 23. Nc6 Bd8 24. Rab1 Qc3 25. Re3 Qd2 26. Rb8 Ra5 27. Rxd8
1-0

[Event "Sparkassen-Open A"]
[Site "Heusenstamm, Martinsee"]
[Date "2022.11.17"]
[Round "1.28"]
[White "Wachsmann, Elmar"]
[Black "Weber, Samuel"]
[Result "0-1"]
[WhiteElo "1858"]
[BlackElo "2198"]
[PlyCount "50"]
[EventDate "2022.??.??"]
[WhiteTeam "SC Groß-Umstadt"]
[BlackTeam "SV Oberursel"]

1. d4 Nf6 2. c4 e6 3. Nc3 Bb4 4. e3 O-O 5. Bd3 c5 6. Nf3 d5 7. O-O cxd4 8. exd4
dxc4 9. Bxc4 b6 10. Qe2 Bb7 11. Rd1 Bxc3 12. bxc3 Qc7 13. Bd3 Qxc3 14. Bb2 Qc7
15. d5 Bxd5 16. Bxf6 gxf6 17. Bxh7+ Kxh7 18. Ng5+ Kh6 19. Rd3 fxg5 20. Rh3+ Kg6
21. f4 Kf6 22. fxg5+ Ke7 23. g6 Rg8 24. Rh7 Qc5+ 25. Kh1 Rxg6 0-1